000
00237nam a22001097a 4500
082
_a
621.382 STA'T
100
_a
STARR, A. T
_9
41894
245
_a
TELECOMMUNICATIONS
260
_a
LONDON
_b
SIR ISAAC
_c
1954
300
_a
454P
942
_c
BK
999
_c
576980
_d
576980